000 00613nas a2200217 4500
001 BR9203204
003 BR-BrBNA
005 20231205092619.0
007 ta
008 230509b bl.|||p| |||| 00| 00por d
040 _aBR-BrBNA
_bpor
_cBiblioteca Nacional de Agricultura
041 _a(Pt)
072 _aN10
100 1 _aUngaretti, G.
245 1 _aA volta ao barro
650 _aINSTALACAO AGRICOLA
650 _aMATERIAL DE CONSTRUCAO
773 0 _tManchete Rural (Brazil)
_xISSN 0102-8901
_g(Jul 1988), v. 2(16) p. 61-62
_wBR9203204
909 _a202311
_bLúcia
_c55
_dLúcia Elande
942 _2AGRIS
_n0
_cANA
999 _c132884
_d132884